Física: la naturaleza de las cosas
Guardat en:
| Autors principals: | , |
|---|---|
| Format: | Llibre |
| Idioma: | espanyol |
| Publicat: |
Ciudad de México
International Thomson
1999
|
| Matèries: | |
| Etiquetes: |
Afegir etiqueta
Sense etiquetes, Sigues el primer a etiquetar aquest registre!
|
MARC
| LEADER | 00000nam a2200000 a 4500 | ||
|---|---|---|---|
| 001 | UCO0641 | ||
| 003 | CL-VaPUC | ||
| 005 | 20241028122146.0 | ||
| 008 | 000428e19990000MX |||||||||||||||||spa|d | ||
| 999 | |c 287290 |d 287288 | ||
| 020 | |a 9687529377v.1 | ||
| 020 | |a 9687529385v.2 | ||
| 040 | |c Pontificia Universidad Católica de Valparaíso | ||
| 082 | 0 | 4 | |a 530 |b LEA |2 21 |
| 100 | 0 | |a Lea, Susan M |e author |9 442005 | |
| 245 | 1 | 0 | |a Física: la naturaleza de las cosas |
| 260 | |a Ciudad de México |b International Thomson |c 1999 | ||
| 300 | |a v | ||
| 583 | |a last modification |c 20000428 00:00:00 |k Rodrigo Vera | ||
| 650 | 7 | |a Mecánica Newtoniana |2 CL-VaPUC |9 264139 | |
| 650 | 0 | |a Leyes de conservación |9 317185 | |
| 650 | 0 | |a Sistemas continuos |9 227844 | |
| 650 | 0 | |a Movimiento Oscilatorio y Ondulatorio |9 260096 | |
| 650 | 0 | |a Termodinámica |9 259320 | |
| 650 | 0 | |a Campos electromagnéticos |9 264139 | |
| 650 | 0 | |a Electrodinámica |9 317185 | |
| 650 | 0 | |a Física siglo XX |y 1900-1999 |9 892871 | |
| 700 | 0 | |a Burke, John Robert |e author |9 442006 | |
| 942 | |c BK |2 ddc | ||
| 945 | |d 20000428 00:00:00 |a vberengu | ||
| 952 | |0 0 |1 0 |4 0 |6 530_000000000000000_LEA_1999 |7 0 |8 A |9 334028 |a BIBCUR |b BIBCUR |d 2019-11-20 |h v.1 |i 3614573 |o 530 LEA 1999 |p 3614573 |r 2025-04-22 |w 2019-11-20 |y BK |k FIS | ||
| 952 | |0 0 |1 0 |4 0 |6 530_000000000000000_LEA_1999 |7 0 |8 A |9 334029 |a BIBCUR |b BIBCUR |d 2019-11-20 |h v.2 |i 3614581 |o 530 LEA 1999 |p 3614581 |r 2025-04-22 |w 2019-11-20 |y BK |k FIS | ||
| 952 | |0 0 |1 0 |4 0 |6 530_000000000000000_LEA_1999 |7 0 |8 A |9 334030 |a BIBCUR |b BIBCUR |d 2019-11-20 |h v.1 |i 3780252 |l 1 |o 530 LEA 1999 |p 3780252 |r 2025-04-22 |s 2022-11-22 |w 2019-11-20 |y BK |k FIS | ||
| 952 | |0 0 |1 0 |4 0 |6 530_000000000000000_LEA_1999 |7 0 |8 A |9 334031 |a BIBCUR |b BIBCUR |d 2019-11-20 |h v.2 |i 3780260 |o 530 LEA 1999 |p 3780260 |r 2025-04-22 |w 2019-11-20 |y BK |k FIS | ||
| 952 | |0 0 |1 0 |4 0 |6 530_000000000000000_LEA_1999 |7 0 |8 A |9 334032 |a BIBCUR |b BIBCUR |d 2019-11-20 |h v.1 |i 3782727 |o 530 LEA 1999 |p 3782727 |r 2025-04-22 |w 2019-11-20 |y BK |k FIS | ||
| 952 | |0 0 |1 0 |4 0 |6 530_000000000000000_LEA_1999 |7 0 |8 A |9 334033 |a BIBCUR |b BIBCUR |d 2019-11-20 |h v.2 |i 3782735 |o 530 LEA 1999 |p 3782735 |r 2025-04-22 |w 2019-11-20 |y BK |k FIS | ||
| 952 | |0 0 |1 0 |4 0 |6 530_000000000000000_LEA_1999 |7 0 |8 A |9 334034 |a BIBCUR |b BIBCUR |d 2019-11-20 |h v.1 |i 405900K |l 1 |o 530 LEA 1999 |p 405900K |r 2025-04-22 |s 2024-03-14 |w 2019-11-20 |y BK |k FIS | ||
| 952 | |0 0 |1 0 |4 0 |6 530_000000000000000_LEA_1999 |7 0 |8 A |9 334035 |a BIBCUR |b BIBCUR |d 2019-11-20 |h v.2 |i 4059018 |l 2 |o 530 LEA 1999 |p 4059018 |r 2025-04-22 |s 2024-05-02 |w 2019-11-20 |y BK |k FIS | ||
| 952 | |0 0 |1 0 |4 0 |6 530_000000000000000_LEA_1999 |7 0 |8 A |9 334036 |a BIBMEC |b BIBMEC |d 2019-11-20 |h v.1 |i 2120763 |o 530 LEA 1999 |p 2120763 |r 2019-11-20 |w 2019-11-20 |y BK |k MEC | ||